000 00570nam a2200169 a 4500
001 000042720
005 20201002040339.0
008 140206s1968 sp 000 0 spa d
040 _aDO-SdBNP
_bspa
_cBNPHU
100 1 _aJoblin, J.
_970036
245 1 3 _aLa iglesia y las nuevas perspectivas de la cuestion social. /
_cJ. Joblin; traducción, Juan A. Segarra.
260 _aMadrid :
_bRazón y fe,
_c1968.
300 _a221 p. ;
_c22 cm.
490 1 _aIdeas sociales y políticas
_v5
700 1 _aSegarra, Juan A.
_970037
830 0 _aIdeas sociales y políticas
_v5
_970038
999 _c42209
_d42209